| 000 | 00480nam a22001937a 4500 | ||
|---|---|---|---|
| 005 | 20230922154713.0 | ||
| 008 | 230919b |||||||| |||| 00| 0 eng d | ||
| 020 | _a96984860308 | ||
| 082 |
_a615.19 _bAKR-B |
||
| 100 | _aMuhammad Akram | ||
| 245 | _aBasic of Clinical Physiology | ||
| 260 |
_aPakistan _bAllied Book Compny _c2008 |
||
| 300 | _a453 | ||
| 490 | _aVol-1 | ||
| 500 | _aInclude Index | ||
| 650 | _aMedical/Physiology | ||
| 700 | _aMuhammad Akram | ||
| 999 |
_c33640 _d33640 |
||